The take-charge assistant AMA's newsletter for the office professional.

Detalles Bibliográficos
Autor Corporativo: American Management Association
Formato: Electrónico Revista
Lenguaje:inglés
Publicado: New York, NY : The Association, ©1995-
Materias:
Acceso en línea:Full text available from Research Library: 11/01/1998 to 12/31/1999

MARC

LEADER 00000nas a22000007a 4500
001 ssj0005636
003 WaSeSS
005 20200512172242.0
006 m d
007 cr n
008 941213c19959999nyumr p s 0 a0eng c
010 |a sn 94006301  
022 |l 1080-0387  |y 1080-0387 
035 |a (WaSeSS)ssj0005636 
037 |b AMA, PO Box 408, Saranac Lake, NY 12983  |c $75.00 
040 |a NSD  |b eng  |c NSD  |d OCLCQ  |d OCLCO  |d OCLCQ  |d WaSeSS 
042 |a nsdp  |a pcc 
082 1 0 |a 658  |2 12 
210 0 |a Take-charge assist. 
222 4 |a The take-charge assistant 
245 0 4 |a The take-charge assistant  |h [electronic resource] :  |b AMA's newsletter for the office professional. 
260 |a New York, NY :  |b The Association,  |c ©1995- 
310 |a Monthly 
362 0 |a Vol. 1, no. 1 (Jan. 1995)- 
506 |a License restrictions may limit access. 
655 0 |a Electronic journals. 
710 2 |a American Management Association. 
856 4 0 |z Full text available from Research Library: 11/01/1998 to 12/31/1999  |u https://search.proquest.com/publication/33101